Lecciones de derecho sindical. La libertad sindical y la representación de los trabajadores en la empresa

I tiakina i:
Ngā taipitopito rārangi puna kōrero
Ngā kaituhi matua: Jiménez García, Juan (Author), Vega López, Julio Juan (Author)
Hōputu: Pukapuka
Reo:Pāniora
I whakaputaina: Las Palmas de Gran Canaria Universidad de las Palmas de Gran Canaria 2004
Rangatū:Colección Manuales Docentes Universitarios, 8
Ngā marau:
Ngā Tūtohu: Tāpirihia he Tūtohu
Kāore He Tūtohu, Me noho koe te mea tuatahi ki te tūtohu i tēnei pūkete!

MARC

LEADER 00000nam a2200000 a 4500
001 UCK7731
003 CL-VaPUC
008 051209e20040000SP |||||||||||||||||spa|d
020 |a 8496131793 
082 0 4 |a 344.018  |b JIM  |2 21 
100 0 |a Jiménez García, Juan  |e author  |9 497310 
700 0 |a Vega López, Julio Juan  |e author  |9 497311 
245 1 0 |a Lecciones de derecho sindical. La libertad sindical y la representación de los trabajadores en la empresa 
300 |a 255 p 
942 |c BK 
945 |d 20051209 00:00:00  |a cmena 
260 |a Las Palmas de Gran Canaria  |b Universidad de las Palmas de Gran Canaria  |c 2004 
650 0 |a Derecho sindical  |9 497312 
650 7 |a DERECHO LABORAL  |2 CL-VaPUC  |9 15 
650 0 |a Trabajadores  |9 260887 
650 0 |a Libertad sindical  |9 387480 
583 |a last modification  |c 20170731 11:59:19  |k Rodrigo Vera 
490 0 |a Colección Manuales Docentes Universitarios, 8 
999 |c 315581  |d 315579 
952 |0 0  |1 0  |4 0  |6 344_018000000000000_JIM_2004  |7 0  |8 A  |9 388959  |a BIBDER  |b BIBDER  |d 2019-11-22  |i 4181743  |o 344.018 JIM 2004  |p 4181743  |r 2023-01-25  |w 2019-11-22  |y BK  |k DER